书目信息 |
| 题名: |
离子平衡及其数学处理
|
|
| 作者: | Butler 著 ;陆淑引 译 | |
| 分册: | ||
| 出版信息: | 天津 南开大学出版社 1989 |
|
| 页数: | 554页 | |
| 开本: | 20cm | |
| 丛书名: | ||
| 单 册: | ||
| 中图分类: | O651 | |
| 科图分类: | ||
| 主题词: | 离子--平衡 | |
| 电子资源: | ||
| ISBN: | 7-310-00145-1 | |
| 000 | 00749nam0 2200229 45 | |
| 001 | 0190009376 | |
| 005 | 20060425162551.12 | |
| 010 | @a7-310-00145-1@dCNY4.15 | |
| 100 | @a19921208d1989 ekmy0chiy0121 ea | |
| 101 | 1 | @achi@ceng |
| 102 | @aCN@b120000 | |
| 105 | @af z 000yy | |
| 200 | 10 | @a离子平衡及其数学处理@ALI ZI PING HENG JI QI SHU XUE CHU LI@f(美)JAMES N·Butler著@F(mei)JAMES N·Butler zhu@g陆淑引等译 |
| 210 | @a天津@c南开大学出版社@d1989 | |
| 215 | @a554页@d20cm | |
| 330 | @a本书系统而严谨地论述分析化学的基本理论-离子平衡及其数学处理,尤以平衡图解法和其他图解法为特色。 | |
| 606 | @a离子@x平衡 | |
| 690 | @aO651@v3 | |
| 701 | A1 | @aButler@bJ.N.@4著 |
| 702 | 0 | @a陆淑引@4译 |
| 801 | 0 | @aCN@bTSSF@c20060425 |
| 905 | @a10447@dO651@e78 | |
| 离子平衡及其数学处理/(美)JAMES N·Butler著/陆淑引等译.-天津:南开大学出版社,1989 |
| 554页;20cm |
| ISBN 7-310-00145-1:CNY4.15 |
| 本书系统而严谨地论述分析化学的基本理论-离子平衡及其数学处理,尤以平衡图解法和其他图解法为特色。 |
| ● |
| 相关链接 |
|
|
|
|
正题名:离子平衡及其数学处理
索取号:O651/78
 
预约/预借
| 序号 | 登录号 | 条形码 | 馆藏地/架位号 | 状态 | 备注 |
| 1 | 0227572 | 202261444 | 密集书库/ [索取号:O651/78] | 在馆 | |
| 2 | 0227573 | 202104748 | 第二样本阅览室/ [索取号:O651/78] | 在馆 |